<?xml version="1.0" encoding="UTF-8"?>
<record
    xmlns:xsi="http://www.w3.org/2001/XMLSchema-instance"
    xsi:schemaLocation="http://www.loc.gov/MARC21/slim http://www.loc.gov/standards/marcxml/schema/MARC21slim.xsd"
    xmlns="http://www.loc.gov/MARC21/slim">

  <leader>00623nam a22001817a 4500</leader>
  <controlfield tag="003">UA-OsUOA</controlfield>
  <controlfield tag="001"> 18083 </controlfield>
  <controlfield tag="007">ta</controlfield>
  <controlfield tag="008">20040419b un ||||| |||| 00| 0 ukr d</controlfield>
  <datafield tag="100" ind1=" " ind2=" ">
    <subfield code="a">&#x41F;&#x438;&#x43B;&#x438;&#x43F;&#x447;&#x443;&#x43A; &#x41C;.</subfield>
  </datafield>
  <datafield tag="942" ind1=" " ind2=" ">
    <subfield code="c">SA</subfield>
  </datafield>
  <datafield tag="040" ind1=" " ind2=" ">
    <subfield code="a">UA-OsUOA</subfield>
    <subfield code="c">UA-OsUOA</subfield>
    <subfield code="d">UA-OsUOA</subfield>
  </datafield>
  <datafield tag="245" ind1=" " ind2=" ">
    <subfield code="a">&#x41F;&#x435;&#x440;&#x448;&#x43E;&#x447;&#x435;&#x440;&#x433;&#x43E;&#x432;&#x435; &#x437;&#x430;&#x432;&#x434;&#x430;&#x43D;&#x43D;&#x44F; - &#x440;&#x43E;&#x437;&#x448;&#x438;&#x440;&#x44E;&#x432;&#x430;&#x442;&#x438; &#x43F;&#x43E;&#x43B;&#x435; &#x43C;&#x430;&#x439;&#x441;&#x442;&#x435;&#x440;&#x43D;&#x43E;&#x441;&#x442;&#x456;</subfield>
    <subfield code="b">[&#x41F;&#x440;&#x43E; &#x424;&#x41F;&#x41F; "&#x41F;&#x43E;&#x43B;&#x456;&#x441;&#x441;&#x44F;" &#x420;&#x43E;&#x43A;&#x438;&#x442;&#x43D;&#x43E;&#x433;&#x43E;]</subfield>
  </datafield>
  <datafield tag="300" ind1=" " ind2=" ">
    <subfield code="a">&#x421;.1</subfield>
  </datafield>
  <datafield tag="955" ind1=" " ind2=" ">
    <subfield code="a">0</subfield>
  </datafield>
  <datafield tag="773" ind1="0" ind2=" ">
    <subfield code="w">0</subfield>
    <subfield code="t">&#x420;&#x43E;&#x43A;&#x438;&#x442;&#x43D;&#x456;&#x432;&#x449;&#x438;&#x43D;&#x430;</subfield>
    <subfield code="d">&#x420;&#x43E;&#x43A;&#x438;&#x442;&#x43D;&#x435;</subfield>
    <subfield code="d">2004</subfield>
    <subfield code="g">&#x2116;23/20 &#x431;&#x435;&#x440;&#x435;&#x437;./</subfield>
  </datafield>
  <datafield tag="650" ind1=" " ind2="7">
    <subfield code="a">&#x41A;&#x440;&#x430;&#x454;&#x437;&#x43D;&#x430;&#x432;&#x447;&#x430; &#x440;&#x43E;&#x431;&#x43E;&#x442;&#x430;</subfield>
    <subfield code="2">UDC</subfield>
  </datafield>
  <datafield tag="999" ind1=" " ind2=" ">
    <subfield code="c">304253</subfield>
    <subfield code="d">304253</subfield>
  </datafield>
</record>
